00726nam a2200217Ia 4500003000400000005001700004008004000021040000700061041001200068082001900080100003800099245005800137260004500195650003200240690002300272700003100295906001100326942001200337999001700349952014200366OSt20260627124052.0210210b1982 xxu||||| |||| 00| 0 eng d cAL aEnglish a910.35487 KARG aKARNATAKA, GOVERNMENT of.9266051 aGazetteer of India- Karnataka state gazetteer Part I. aBangalorebGovernment of Karnatakac1982 aKarnataka Gazetteer9266052 aGazetteers9266053 aSuryanath U Kamath9266054 a036114 2ddccBK c86770d86770 00102ddc40708GeographyaALbALcGeographyd2021-02-17eAthreeg150.00l0o910.35487 KARGp036114r2021-02-17 00:00:00w2021-02-17yBK